Guess the Conan Gray song no hints - Statistics

General Stats
  • This quiz has been taken 397 times
  • The average score is 186 of 302
Answer Stats
Answer % Correct
a
97%
I
96%
the
88%
you
88%
me
84%
he
81%
and
79%
love
76%
be
73%
in
73%
my
73%
so
72%
to
72%
on
71%
she
71%
That
69%
that
69%
for
68%
I'm
68%
they
68%
but
67%
of
66%
like
65%
all
63%
not
63%
her
62%
I'll
62%
now
62%
am
61%
been
60%
some
60%
never
59%
people
59%
tell
59%
they're
59%
feel
58%
how
58%
watching
58%
she's
57%
still
57%
them
57%
wanna
57%
cause
56%
cut
56%
emotion
56%
falling
56%
know
56%
much
56%
only
56%
than
56%
their
56%
4
55%
almost
55%
cried
55%
his
55%
holding
55%
just
55%
person
55%
end
54%
friends
54%
I've
54%
wasn't
54%
without
54%
attached
53%
caution
53%
engaged
53%
fun
53%
funny
53%
happy
53%
hard
53%
laughed
53%
out
53%
someday
53%
up
53%
he's
52%
really
52%
ring
52%
together
52%
wears
52%
class
51%
clothing
51%
counting
51%
holidays
51%
keep
51%
tags
51%
until
51%
about
50%
alone
50%
hoping
50%
making
50%
met
50%
months
50%
one
50%
smarter
50%
had
49%
tells
49%
seriously
48%
they've
48%
nine
47%
philosophy
46%
dream
45%
let
45%
won't
45%
common
44%
house
44%
life
44%
live
44%
looking
44%
next
44%
sense
44%
someone
44%
fence
43%
forty
43%
futures
43%
having
43%
hope
43%
talks
43%
through
43%
use
43%
choose
42%
scared
42%
behind
41%
metaphysical
40%
monotone
39%
vicariously
39%
acted
38%
attached
38%
picket
38%
trust
38%
feels
37%
'round
37%
No matching quizzes found
Score Distribution
Percent of People with Each Score
Percentile by Number Answered
Your Score History
You have not taken this quiz